<?xml version="1.0" encoding="UTF-8"?>
<record
    xmlns:xsi="http://www.w3.org/2001/XMLSchema-instance"
    xsi:schemaLocation="http://www.loc.gov/MARC21/slim http://www.loc.gov/standards/marcxml/schema/MARC21slim.xsd"
    xmlns="http://www.loc.gov/MARC21/slim">

  <leader>01563nam a22003737a 4500</leader>
  <controlfield tag="003">OSt</controlfield>
  <controlfield tag="005">20260512115122.0</controlfield>
  <controlfield tag="008">260512b        |||||||| |||| 00| 0 aze d</controlfield>
  <datafield tag="020" ind1=" " ind2=" ">
    <subfield code="a">9789952520965</subfield>
  </datafield>
  <datafield tag="040" ind1=" " ind2=" ">
    <subfield code="a">AZ-XaKU</subfield>
    <subfield code="b">aze</subfield>
    <subfield code="c">AZ-XaKU</subfield>
  </datafield>
  <datafield tag="041" ind1=" " ind2=" ">
    <subfield code="a">aze</subfield>
  </datafield>
  <datafield tag="050" ind1="0" ind2="4">
    <subfield code="a">PN2918 .Ag . R1293 .T3408 2018</subfield>
  </datafield>
  <datafield tag="100" ind1="1" ind2=" ">
    <subfield code="a">R&#x259;himli, &#x130;lham,</subfield>
    <subfield code="c">professor,</subfield>
    <subfield code="d">1949 - ,</subfield>
    <subfield code="e">m&#xFC;&#x259;llif.</subfield>
  </datafield>
  <datafield tag="245" ind1="1" ind2=" ">
    <subfield code="a">Az&#x259;rbaycan Teatr&#x131;</subfield>
    <subfield code="c">/ &#x130;lham R&#x259;himli</subfield>
  </datafield>
  <datafield tag="264" ind1=" " ind2=" ">
    <subfield code="a">Bak&#x131;:</subfield>
    <subfield code="b">TEAS Press n&#x259;&#x15F;riyyat evi,</subfield>
    <subfield code="c">2018.</subfield>
  </datafield>
  <datafield tag="300" ind1=" " ind2=" ">
    <subfield code="a">912 s&#x259;hif&#x259; ;</subfield>
    <subfield code="b">&#x15F;&#x259;killi ;</subfield>
    <subfield code="c">21 sm.</subfield>
  </datafield>
  <datafield tag="336" ind1=" " ind2=" ">
    <subfield code="a">text</subfield>
    <subfield code="b">txt</subfield>
    <subfield code="2">rdacontent</subfield>
  </datafield>
  <datafield tag="337" ind1=" " ind2=" ">
    <subfield code="a">unmediated</subfield>
    <subfield code="b">n</subfield>
    <subfield code="2">rdamedia</subfield>
  </datafield>
  <datafield tag="338" ind1=" " ind2=" ">
    <subfield code="a">volume </subfield>
    <subfield code="b">nc</subfield>
    <subfield code="2">rdacarrier</subfield>
  </datafield>
  <datafield tag="500" ind1=" " ind2=" ">
    <subfield code="a">&#x130;ki &#x259;srlik s&#x131;hn&#x259; tariximiz bir kitabda</subfield>
  </datafield>
  <datafield tag="504" ind1=" " ind2=" ">
    <subfield code="a">Biblioqrafiya: s&#x259;h. 902-903</subfield>
  </datafield>
  <datafield tag="505" ind1="0" ind2=" ">
    <subfield code="a">I Hiss&#x259;. Meydan teatr&#x131; -- II Hiss&#x259;. Pe&#x15F;akar teatr&#x131;n t&#x259;&#x15F;&#x259;kk&#xFC;l&#xFC; v&#x259; inki&#x15F;af m&#x259;rh&#x259;l&#x259;l&#x259;ri --  Musiqili teatrlar&#x131;n yaranmas&#x131;  -- III Hiss&#x259;.  Teatrlar d&#xF6;vl&#x259;t t&#x259;sisat&#x131;nda -- IV Hiss&#x259;. M&#xF6;vzu, janr v&#x259; &#xFC;slub axtar&#x131;&#x15F;lar&#x131; -- V Hiss&#x259;. Kukla teatrlar&#x131; -- VI Hiss&#x259;. B&#x259;rpaa olunan teatrlar -- VII Hiss&#x259;. Yeni teatrlar -- VIII Hiss&#x259;. Teatr&#x15F;&#xFC;nasl&#x131;&#x11F;&#x131;n t&#x259;&#x15F;&#x259;kk&#xFC;l&#xFC; v&#x259; t&#x259;kam&#xFC;l&#xFC;</subfield>
  </datafield>
  <datafield tag="521" ind1=" " ind2=" ">
    <subfield code="a">&#xDC;mumi oxucu k&#xFC;tl&#x259;si</subfield>
  </datafield>
  <datafield tag="546" ind1=" " ind2=" ">
    <subfield code="a">aze</subfield>
  </datafield>
  <datafield tag="600" ind1=" " ind2=" ">
    <subfield code="2">AZ-XaKU</subfield>
  </datafield>
  <datafield tag="650" ind1=" " ind2="7">
    <subfield code="a">Teatr</subfield>
    <subfield code="2">AZ-XaKU</subfield>
  </datafield>
  <datafield tag="655" ind1=" " ind2=" ">
    <subfield code="a">Tarixi o&#xE7;erkl&#x259;r</subfield>
  </datafield>
  <datafield tag="700" ind1="1" ind2=" ">
    <subfield code="a">V&#x259;liyev, &#x18F;dal&#x259;t,</subfield>
    <subfield code="e">Elmi redaktor.</subfield>
  </datafield>
  <datafield tag="700" ind1="1" ind2=" ">
    <subfield code="a">&#x18F;lizad&#x259;, M&#x259;ry&#x259;m,</subfield>
    <subfield code="e">redaktor.</subfield>
  </datafield>
  <datafield tag="700" ind1="1" ind2=" ">
    <subfield code="a">Sad&#x131;qov, Rafiq,</subfield>
    <subfield code="e">redaktor.</subfield>
  </datafield>
  <datafield tag="700" ind1="1" ind2=" ">
    <subfield code="a">Tal&#x131;bzad&#x259;, Ayd&#x131;n,</subfield>
    <subfield code="e">redaktor.</subfield>
  </datafield>
  <datafield tag="942" ind1=" " ind2=" ">
    <subfield code="c">BOOK</subfield>
  </datafield>
  <datafield tag="999" ind1=" " ind2=" ">
    <subfield code="c">426</subfield>
    <subfield code="d">426</subfield>
  </datafield>
  <datafield tag="952" ind1=" " ind2=" ">
    <subfield code="0">0</subfield>
    <subfield code="1">0</subfield>
    <subfield code="2">lcc</subfield>
    <subfield code="4">0</subfield>
    <subfield code="7">0</subfield>
    <subfield code="8">FA</subfield>
    <subfield code="a">KU</subfield>
    <subfield code="b">KUA</subfield>
    <subfield code="d">2026-05-12</subfield>
    <subfield code="l">0</subfield>
    <subfield code="o">PN2918 .Ag . R1293 .T3408 2018</subfield>
    <subfield code="p">0000001201</subfield>
    <subfield code="r">2026-05-12 12:11:54</subfield>
    <subfield code="t">1</subfield>
    <subfield code="w">2026-05-12</subfield>
    <subfield code="y">BOOK</subfield>
  </datafield>
</record>
